Zaczęło się w Bad Reinerz ..

Titel: Zaczęło się w Bad Reinerz .. : tradycje muzyczne Dusznik Zdroju (=Es begann in Bad Reinerz. Musikalische Traditionen von Duszniki Zdrój=It started in Bad Reinerz. Musical Traditions of Duszniki Zdrój / [autorzy tekstów Maria Zduniak ...]
Beteiligt:
Veröffentlicht: Kłodzko : Muzeum Ziemi Kłodzkiej, 2005
Umfang: 160 Seiten : Illustrationen
Format: Buch
Sprache: Polnisch; Deutsch; Englisch
Schlagworte:
ISBN: 8391678431
Buchumschlag
X
alg: 47448698
001A    $03004:12-01-21 
001B    $01999:05-02-21 $t11:29:31.000 
001D    $03004:12-01-21 
001U    $0utf8 
001X    $00 
002@    $0Aau 
002C    $aText $btxt $2rdacontent 
002D    $aohne Hilfsmittel zu benutzen $bn $2rdamedia 
002E    $aBand $bnc $2rdacarrier 
003@    $0474486982 
003O    $069455747 $aOCoLC 
004A    $083-916784-3-1 
006C    $069455747 $aOCoLC 
007A    $0BV021809332 $aBVB 
007G    $0DE020D498D5AA3588AB00C1258672002C3675 
009P    $qapplication/pdf $A2 $3Inhaltsverzeichnis $uhttp://scans.hebis.de/HEBCGI/show.pl?47448698_toc.pdf $mV:DE-603;B:DE-Mb50 
010@    $apol $ager $aeng $cpol 
011@    $a2005 $n2005 
013D    $RBuch $RBildliche Darstellung $#Abbildungen Formschlagwort $#Ansichtspostkarte Formschlagwort $#Bildatlas $#Bilddokumente $#Bilder Formschlagwort $#Bildmaterial Formschlagwort $#Ansichten Formschlagwort $#Bildsammlung $#Abbildungswerk $#Illustrationswerk $#Photographien-Bildband $#Fotographien-Bildband $#Bildbände $74145395-5 $8Bildband [Ts1] $9085578738 
021A    $aZaczęło się w Bad Reinerz .. $dtradycje muzyczne Dusznik Zdroju  (=Es begann in Bad Reinerz. Musikalische Traditionen von Duszniki Zdrój=It started  in Bad Reinerz. Musical Traditions of Duszniki Zdrój $h[autorzy tekstów Maria Zduniak ...] 
027A    $aEs begann in Bad Reinerz 
027A/01 $aIt started in Bad Reinerz 
028C    $BVerfasser von ergänzendem Text $4wst $71170179231 $8Zduniak, Maria$Z1934-2011 [Tp1] $9438311515 
033A    $pKłodzko $nMuzeum Ziemi Kłodzkiej 
034D    $a160 Seiten 
034M    $aIllustrationen 
037A    $aPT: Es begann in Bad Reinerz. - PT: It started in Bad Reinerz. - Text dt. und poln. - Zsfassung in engl. Sprache 
044K    $#Mie̜dzynarodowy Festiwal Chopinowski, Reinerz $74770492-5 $8International Chopin Festival$cReinerz [Tf1] $9119436108 
044K    $RReinerz $#Duszniki-Zdrój $#Duezniki-Zdroj $#Reinerz Duszniki Zdrój $#Bad Reinerz Duszniki Zdrój $74103654-2 $8Duszniki Zdrój [Tg1] $9085303801 
044K    $RPolen $RNiederschlesien $ROberschlesien $RNiederschlesien $ROberschlesien $#Schlesien $#Schlesien $#Herzogtum Schlesien $#Herzogtum Schlesien Schlesien $#Provinz Schlesien $#Śla̜sk $#Slezsko $#Silesia $74052678-1 $8Schlesien [Tg1] $9085146781 
044K    $#Music $#Musique $#Musica $#music $#Music $#Musik $#Musik $74040802-4 $8Musik [Tsz] $9085111635 
044K    $#Staat Glatz $#Glatz Grafschaft $#Hrabství kladské $#Kladsko $#Hrabstwo kłodzkie $#Ziemia kłodzka $#Glatzer Land $74021197-6 $8Grafschaft Glatz [Tg1] $9085051632 
044K    $RPesadori, Antoinette $#Chopin, Frédéric $#Chopin, Frédéric François $#Chopin, Frédéric-François $#Chopin, Frédéric Franccedilois $#Chopin, Frédéric Franciszek $#Chopin, Frédéric F. $#Chopin, Frederick $#Chopin, Frederik $#Chopin, Frederyk $#Chopin, Fréd. $#Chopin, Friedrich $#Chopin, Friedrich Franz $#Chopin, Fryderyk $#Chopin, Fryderyk Franciszek $#Chopin, Fryderyk F. $#Chopin, Fryderik $#Chopin, Fr. $#Chopin, F. F. $#Chopin, F.F. $#Chopin, Federico $#Chopin, F. $#Chopin $#Chopin-Zichy $#Čopin $#Šopen, Frederik $#Šopen, Friderik $#Šopen, Friderik Francišek $#Šopen, F. $#Šopin, Friderik $#Szopen, Fryderyk $#Szopen, Fryderyk Franciszek $#Szopen $#Σοπέν, Φρεντερίκ $#Chopin, Frederik $#Szopen, Fryderyk $#Chopin, Frederick $#Chopin, F. $#Chopin, Fr. $#Шопен, Фредерик $7118520539 $8Chopin, Frédéric$Z1810-1849 [Tp1] $908686162X 
044K    $RMusikveranstaltung $#Concerts $#Concerts $74317474-7 $8Konzert$gVeranstaltung [Ts1] $908674836X 
045F    $a307.0943850904 $eDDC23BSB 
045F/01 $a307.09 
045F/03 $f0904 
045F/03 $f090511 
045F/03 $g4385 
045T    $a9,2 

lok: 47448698 24

exp: 47448698 24 1 #EPN
201B/01 $028-01-21 $t08:10:21.000 
201C/01 $012-01-21 
201U/01 $0utf8 
203@/01 $01136303987 
208@/01 $a28-01-21 $bz 
209A/01 $a20.05802 $du $f050 $h20 05802 $x00 
209C/01 $a20.05802 T $h20 5802 T 
209G/01 $a74452329 $x00 
220C/01 $ahae 
247C/01 $8358050-7 Marburg, Bibliothek des Herder-Instituts Marburg $9102600961 

lok: 47448698 78

exp: 47448698 78 1 #EPN
201B/01 $026-07-23 $t11:38:55.000 
201C/01 $026-07-23 
201U/01 $0utf8 
203@/01 $01240119828 
208@/01 $a26-07-23 $be 
209A/01 $a/ $f000 $x00 
209A/01 $ab*p $x01 
220C/01 $apgar 
244Z/01 $#Generalgouvernement Polen $#Polska $#Rzeczpospolita Polska $#Polska Rzeczpospolita Ludowa $#Poland $#Pologne $#République Polonaise $#Generalne Gubernatorstwo w Polsce $#Polish People's Republic $#Polska Rzeczpospolita Polen $#PRL $#RP $#Polen Generalgouvernement $#Polska Generalgouvernement $#Besetzte Polnische Gebiete $#Besetztes Gebiet in Polen $#Okupowane Polskie Obszary $#Obszary Okupowane w Polsce $#Volksrepublik Polen $#Polska Rosyjska $#Republic Polen $#Respublika Pol'ša $#Pol'skaja Narodnaja Respublika $#République de Pologne $#Polen Links der Weichsel $#Polska po Lewej Stronie Wisły $#Lenkija $#Polija $#Gubernija Carstva Pol'skago $#Republik Polen $74046496-9 $8--Tg1--Polen $x01 $9085129801 
244Z/01 $#Schlesien $#Schlesien $#Herzogtum Schlesien $#Herzogtum Schlesien Schlesien $#Provinz Schlesien $#Śla̜sk $#Slezsko $#Silesia $74052678-1 $8--Tg1--Schlesien $x02 $9085146781 
247C/01 $82080>Marburg/Lahn, Herder-Institut, Forschungsbibliothek, Bibliographieportal $9336309341
LEADER 00000cam a2200000 c 4500
001 474486982
003 DE-603
005 20210205112931.0
007 tu
008 210112s2005 xx |||| | u00||u|pol c
020 |a 8391678431 
035 |a (DE-599)BVBBV021809332 
035 |a (OCoLC)69455747 
040 |a DE-603  |b ger  |c DE-603  |d DE-603 
041 |a pol  |a ger  |a eng  |h pol 
082 0 4 |8 1\u  |a 307.0943850904  |q DE-101  |2 23/BSB 
084 |a 9,2  |2 ssgn 
085 |8 1\u  |b 307.09 
085 |8 1\u  |z 1  |s 0904 
085 |8 1\u  |z 1  |s 090511 
085 |8 1\u  |z 2  |s 4385 
245 0 0 |a Zaczęło się w Bad Reinerz ..  |b tradycje muzyczne Dusznik Zdroju (=Es begann in Bad Reinerz. Musikalische Traditionen von Duszniki Zdrój=It started in Bad Reinerz. Musical Traditions of Duszniki Zdrój  |c [autorzy tekstów Maria Zduniak ...] 
246 1 3 |a Es begann in Bad Reinerz 
246 1 3 |a It started in Bad Reinerz 
264 1 |a Kłodzko  |b Muzeum Ziemi Kłodzkiej  |c 2005 
300 |a 160 Seiten  |b Illustrationen 
336 |a Text  |b txt  |2 rdacontent 
337 |a ohne Hilfsmittel zu benutzen  |b n  |2 rdamedia 
338 |a Band  |b nc  |2 rdacarrier 
500 |a PT: Es begann in Bad Reinerz. - PT: It started in Bad Reinerz. - Text dt. und poln. - Zsfassung in engl. Sprache 
600 1 7 |a Chopin, Frédéric  |d 1810-1849  |0 (DE-588)118520539  |0 (DE-603)08686162X  |2 gnd 
611 2 7 |a International Chopin Festival  |c Reinerz  |2 gnd  |0 (DE-588)4770492-5  |0 (DE-603)119436108 
650 7 |a Musik  |0 (DE-588)4040802-4  |0 (DE-603)085111635  |2 gnd 
650 7 |a Konzert  |g Veranstaltung  |0 (DE-588)4317474-7  |0 (DE-603)08674836X  |2 gnd 
651 7 |a Duszniki Zdrój  |0 (DE-588)4103654-2  |0 (DE-603)085303801  |2 gnd 
651 7 |a Schlesien  |0 (DE-588)4052678-1  |0 (DE-603)085146781  |2 gnd 
651 7 |a Grafschaft Glatz  |0 (DE-588)4021197-6  |0 (DE-603)085051632  |2 gnd 
655 7 |a Bildband  |2 gnd-content  |0 (DE-588)4145395-5  |0 (DE-603)085578738 
700 1 |a Zduniak, Maria  |d 1934-2011  |e Verfasser von ergänzendem Text  |4 wst  |0 (DE-603)438311515  |0 (DE-588)1170179231  |2 gnd 
856 4 2 |m V:DE-603;B:DE-Mb50  |q application/pdf  |u http://scans.hebis.de/HEBCGI/show.pl?47448698_toc.pdf  |3 Inhaltsverzeichnis 
924 0 |9 Mb 50  |a (DE-603)1136303987  |b DE-Mb50  |c HES  |d c  |g 20.05802 
924 0 |9 2080  |a (DE-603)1240119828  |b DE-2080  |c HES  |d d  |g /